[Event "Madrid Magistral 7th"]
[Site "Madrid"]
[Date "1998.05.11"]
[Round "1"]
[White "San Segundo, Pablo"]
[Black "Illescas Cordoba, Miguel"]
[Result "1/2-1/2"]
[WhiteElo "2505"]
[BlackElo "2600"]

1.Nf3 Nf6 2.c4 e6 3.Nc3 Bb4 4.Qc2 O-O 5.a3 Bxc3 6.Qxc3 b6 7.b4 Bb7 8.Bb2 d6
9.e3 Nbd7 10.Be2 e5 11.d3 Re8 12.O-O a6 13.e4 c5 14.a4 a5 15.b5 Nf8 16.Rae1 Ne6
17.Bd1 h6 18.Bc1 Nh7 19.Nd2 Qg5 20.Re3 Nf4 21.g3 Ne6 22.Nf3 Qf6 23.Ne1 Qg6
24.Ng2 Nd4 25.Nh4 Qf6 26.Qe1 g5 27.Ng2 Qg6 28.f4 f5 29.fxg5 hxg5 30.exf5 Nxf5
31.Re2 Nd4 32.Ref2 Qxd3 33.Rf7 Be4 34.h4 Rf8 35.Rxf8+ Rxf8 36.Rxf8+ Nxf8
37.Bxg5 Bf3 38.Ne3 Nfe6 39.Qf1 Qe4 40.Bxf3 Nxf3+ 41.Kf2 Nexg5 42.hxg5 Nxg5
43.Ke2 Qh7 44.Qf5 Qh2+ 45.Kd1 Qxg3 46.Qg6+ Kh8 47.Qf6+ Kh7 48.Qe7+ Kg8  1/2-1/2

[Event "Madrid Magistral 7th"]
[Site "Madrid"]
[Date "1998.05.11"]
[Round "1"]
[White "Beliavsky, Alexander G"]
[Black "Yermolinsky, Alex"]
[Result "0-1"]
[WhiteElo "2690"]
[BlackElo "2660"]

1.d4 d5 2.c4 Nc6 3.cxd5 Qxd5 4.e3 e5 5.Nc3 Bb4 6.Bd2 Bxc3 7.bxc3 Nf6 8.f3 O-O
9.e4 Qd6 10.Ne2 exd4 11.Bf4 Qa3 12.cxd4 Nb4 13.Bc1 Nd3+ 14.Kd2 Nxc1 15.Qxc1 Qe7
16.Qc3 Rd8 17.Rc1 c6 18.Qc5 Qe8 19.Ke3 Nd7 20.Qa3 Nb6 21.Nf4 Nd5+ 22.Nxd5 cxd5
23.Rc7 dxe4 24.fxe4 Be6 25.Rxb7 Qc6 26.Rb5 Bd7 27.Qc5 Qg6 28.Rb7 Bc6 29.Re7 Qh6+
30.Kf3 Qf6+ 31.Ke3 Rxd4 32.Qxd4 Qxe7 33.Bd3 Rd8 34.Qc4 Qg5+ 35.Kf2 Qd2+ 36.Be2 Qf4+
37.Ke1 Bxe4 38.Rf1 Qd2+ 39.Kf2 Bd3  0-1

[Event "Madrid Magistral 7th"]
[Site "Madrid"]
[Date "1998.05.12"]
[Round "2"]
[White "Adams, Michael"]
[Black "Illescas Cordoba, Miguel"]
[Result "1/2-1/2"]
[WhiteElo "2670"]
[BlackElo "2600"]

1.e4 c5 2.Nc3 Nc6 3.g3 g6 4.Bg2 Bg7 5.d3 d6 6.Be3 Rb8 7.Qd2 b5 8.Nge2 Nd4
9.O-O h5 10.h4 b4 11.Nd1 e5 12.c3 bxc3 13.bxc3 Nxe2+ 14.Qxe2 Ne7 15.f4 Bg4
16.Qd2 Qa5 17.Rc1 O-O 18.f5 gxf5 19.Bh6 f6 20.Bxg7 Kxg7 21.Ne3 fxe4 22.Nxg4 hxg4
23.Qe2 exd3 24.Qxg4+ Kh8 25.Qh5+ Kg7 26.Be4 Rf7 27.Bxd3 Qxa2 28.Rb1 Rb6 29.Qh7+ Kf8
30.Qh8+ Ng8 31.Bh7 Rxh7 32.Qxh7 Qf7 33.Qxf7+ Kxf7 34.Rxb6 axb6 35.Rb1 d5
36.Rxb6 c4 37.Kf2 f5 38.Ke3 Nf6 39.Rb7+ Kf8 40.Rb5 Kf7 41.Kf3 Ke6 42.Rb6+ Kf7
43.Rb7+ Ke6 44.Rc7 Kd6 45.Rc8 Ke6 46.Rh8 Ne4 47.h5 Kf7 48.h6 Kg6 49.Rf8 f4
50.gxf4 exf4 51.Rd8 Kxh6 52.Rxd5 Nxc3 53.Rc5 Kg6 54.Kxf4 Ne2+ 55.Ke3 Ng3
56.Rxc4 Nh5 57.Ke4 Nf6+ 58.Ke5 Kg5 59.Rc5 Nd7+ 60.Kd6+ Nxc5  1/2-1/2

[Event "Madrid Magistral 7th"]
[Site "Madrid"]
[Date "1998.05.13"]
[Round "3"]
[White "Krasenkow, Michal"]
[Black "Adams, Michael"]
[Result "1/2-1/2"]
[WhiteElo "2660"]
[BlackElo "2670"]

1.Nf3 Nf6 2.c4 e6 3.Nc3 c5 4.e4 Nc6 5.Be2 b6 6.b3 Bb7 7.Bb2 Qb8 8.d3 Be7
9.Qd2 O-O 10.O-O Ng4 11.h3 Nge5 12.Nxe5 Nxe5 13.Rae1 Nc6 14.Bd1 Bf6 15.f4 Bd4+
16.Kh1 f5 17.e5 a6 18.Bf3 Ne7 19.Ne2 Bxb2 20.Bxb7 Qxb7 21.Qxb2 b5 22.Qd2 Qb6
23.Rc1 d5 24.exd6 Qxd6 25.Qe3 Rfd8 26.Nc3 b4 27.Na4 Rac8 28.Rce1 Rc6 29.Rf3 Ng6
30.g3 h6 31.Qe2 Qd4 32.Re3 Rdd6 33.Qf3 a5 34.Kg2 Kh7 35.Kf1 Nf8 36.Kg2 Nd7
37.Kh1 Nb6 38.Nxb6 Rxb6 39.g4 a4 40.g5 axb3 41.axb3 Ra6 42.gxh6 Kxh6 43.Qf2 Kh7
44.Qh4+ Kg8 45.Qe7 Qf6 46.Qe8+ Kh7 47.Rg3 Rd8 48.Qh5+ Kg8 49.Rg6 Qc3 50.Rgxe6 Rxe6
51.Rxe6 Qxd3  1/2-1/2

[Event "Madrid Magistral 7th"]
[Site "Madrid"]
[Date "1998.05.14"]
[Round "4"]
[White "Anand, Viswanathan"]
[Black "Beliavsky, Alexander G"]
[Result "1/2-1/2"]
[WhiteElo "2770"]
[BlackElo "2690"]

1.e4 e5 2.Nf3 Nc6 3.Bb5 a6 4.Ba4 Nf6 5.O-O Be7 6.Re1 b5 7.Bb3 d6 8.c3 O-O
9.h3 Re8 10.d4 Bb7 11.Nbd2 Bf8 12.a4 h6 13.Bc2 exd4 14.cxd4 Nb4 15.Bb1 c5
16.d5 Nd7 17.Ra3 c4 18.axb5 axb5 19.Nd4 Rxa3 20.bxa3 Nd3 21.Bxd3 cxd3 22.Re3 Nc5
23.Bb2 Bc8 24.Nc6 Qh4 25.Bd4 f5 26.Nf3 Qh5 27.e5 f4 28.Re1 dxe5 29.Ncxe5 Qf5
30.Nh4 Qg5 31.Neg6 Rxe1+ 32.Qxe1 Qxd5 33.Nxf8 Ne4 34.Qc1 d2 35.Qxc8 d1=Q+
36.Kh2 Nd6 37.Qd8 Qf7 38.Qxd6 Qxf8 39.Qd5+ Qf7 40.Qa8+ Kh7 41.Qe4+ Kg8  1/2-1/2

[Event "Madrid Magistral 7th"]
[Site "Madrid"]
[Date "1998.05.15"]
[Round "5"]
[White "Illescas Cordoba, Miguel"]
[Black "Svidler, Peter"]
[Result "1/2-1/2"]
[WhiteElo "2600"]
[BlackElo "2690"]

1.Nf3 Nf6 2.c4 g6 3.Nc3 Bg7 4.e4 d6 5.d4 O-O 6.Be2 e5 7.d5 Na6 8.Nd2 Bd7
9.Rb1 c5 10.O-O Ne8 11.a3 f5 12.exf5 gxf5 13.f4 e4 14.Kh1 Nac7 15.Qc2 Nf6
16.b4 b6 17.bxc5 bxc5 18.Nd1 Rb8  1/2-1/2

[Event "Madrid Magistral 7th"]
[Site "Madrid"]
[Date "1998.05.15"]
[Round "5"]
[White "Beliavsky, Alexander G"]
[Black "Krasenkow, Michal"]
[Result "1/2-1/2"]
[WhiteElo "2690"]
[BlackElo "2660"]

1.Nf3 c5 2.c4 Nc6 3.Nc3 Nf6 4.g3 d5 5.cxd5 Nxd5 6.Bg2 g6 7.d3 Bg7 8.Bd2 O-O
9.O-O b6 10.d4 cxd4 11.Nxd4 Nxd4 12.Nxd5 Bg4 13.Re1 Rc8 14.Bc3 e5 15.Qd3 Bf5
16.e4 Qxd5 17.exf5 Qc4 18.Qxc4 Rxc4 19.fxg6 hxg6 20.Rad1 Rd8 21.Kh1 f5 22.Bf1 Rc7
23.Rd2 Rb8 24.Kg2 b5 25.Bxd4 exd4 26.Re6 Kf7 27.Ra6 b4 28.b3 Bf6 29.Bc4+ Kg7
30.Re2 Rb6 31.Ra5 Rd6 32.Bd3 Rdd7 33.Re6 Re7 34.Rd6 Red7 35.Rxd7+ Rxd7 36.Kf3 Be7
37.h4 Rc7 38.Rd5 Bf6 39.Bc4 Kh6 40.Rb5 Be7 41.Ke2 Bc5 42.Kd3 Kg7 43.Rb8 Bb6
44.Re8 Kh6 45.Re5 Rc5 46.Re6 Rc7 47.Ke2 Kg7 48.Kf3 Rd7 49.Bd3 Rc7 50.Rd6 Rc3
51.Ke2 Rc7 52.Kd2 Rc5 53.g4 fxg4 54.Rxg6+ Kf8 55.Rxg4 Ra5 56.Ke1 Rxa2 57.h5 Ra1+
58.Ke2 Rh1 59.Rg5 Rh4 60.Bc4 Rh3 61.Rg8+ Ke7 62.Rg7+ Kd8 63.Rh7 d3+ 64.Bxd3 Bxf2
65.Bf5 Rh2 66.h6 Bd4+ 67.Kd3 Bc3 68.Ke4 Ke8 69.Bg6+ Kd8 70.Kd5 Rd2+ 71.Kc6 Be5
72.Bf5 Rd6+ 73.Kc5 Rf6 74.Bg4 Ke8 75.Bh5+ Kd8 76.Kxb4 Rc6 77.Kb5 Rc7 78.Bf7 Ke7
79.Bc4+ Kf8  1/2-1/2

[Event "Madrid Magistral 7th"]
[Site "Madrid"]
[Date "1998.05.16"]
[Round "6"]
[White "Krasenkow, Michal"]
[Black "San Segundo, Pablo"]
[Result "1-0"]
[WhiteElo "2660"]
[BlackElo "2505"]

1.d4 Nf6 2.c4 e6 3.Nf3 d5 4.Nc3 Bb4 5.Qa4+ Nc6 6.e3 O-O 7.Bd2 dxc4 8.Bxc4 Bd6
9.Ng5 Nd5 10.Bxd5 exd5 11.Nf3 Ne7 12.Nb5 Bd7 13.Qb3 Bxb5 14.Qxb5 Qc8 15.b4 Qf5
16.O-O a6 17.Qe2 c6 18.a4 Rfe8 19.b5 axb5 20.axb5 c5 21.dxc5 Bxc5 22.Bc3 Rxa1
23.Rxa1 Nc8 24.Qb2 Bf8 25.Bb4 Qd3 26.Bxf8 Rxf8 27.h3 Nd6 28.b6 h6 29.Qe5 Nc4
30.Qc7 Qb3 31.Qxb7 Qxb6 32.Qxd5 Nd6 33.Ne5 Re8 34.Nc6 Qb2 35.Ra7 Qf6 36.Kh2 Qe6
37.Qxe6 Rxe6 38.Nd4 Re8 39.Kg3 g6 40.Kf3 h5 41.Ne2 Ne4 42.Nf4 Ng5+ 43.Ke2 Rb8
44.Nd3 Rc8 45.Ne5 Rc2+ 46.Ke1 Rc1+ 47.Kd2 Rg1 48.h4 Ne4+ 49.Ke2 Nd6 50.g3 Rb1
51.Rd7 Rb6 52.Kf3 Ra6 53.Kf4 Kg7 54.e4 Kf8 55.f3 Ke8 56.Rc7 Kf8 57.Nd7+ Kg7
58.Nc5 Rb6 59.e5 Nb5 60.Rd7 Rc6 61.Ne4 Rc7 62.e6 Nc3 63.Nxc3  1-0

[Event "Madrid Magistral 7th"]
[Site "Madrid"]
[Date "1998.05.16"]
[Round "6"]
[White "Anand, Viswanathan"]
[Black "Illescas Cordoba, Miguel"]
[Result "1-0"]
[WhiteElo "2770"]
[BlackElo "2600"]

1.d4 Nf6 2.Nf3 g6 3.c4 Bg7 4.Nc3 d5 5.cxd5 Nxd5 6.e4 Nxc3 7.bxc3 c5 8.Rb1 O-O
9.Be2 cxd4 10.cxd4 Qa5+ 11.Bd2 Qxa2 12.O-O Bg4 13.Bg5 h6 14.Bh4 Rd8 15.d5 g5
16.Bg3 b6 17.Re1 Bxf3 18.Bxf3 Nd7 19.e5 Rac8 20.e6 fxe6 21.Rxe6 Nf6 22.Rxe7 Qc2
23.d6 Qxd1+ 24.Rxd1 a5 25.h3 a4 26.Rc7 Kh8 27.Rdc1 Rb8 28.Ra7 Nd7 29.Rcc7 a3
30.Bd5 b5 31.Rxd7 Rxd7 32.Rxd7 b4 33.Bb3 Ra8 34.Rb7  1-0

[Event "Madrid Magistral 7th"]
[Site "Madrid"]
[Date "1998.05.16"]
[Round "6"]
[White "Svidler, Peter"]
[Black "Yermolinsky, Alex"]
[Result "1/2-1/2"]
[WhiteElo "2690"]
[BlackElo "2660"]

1.e4 c6 2.d4 d5 3.e5 Bf5 4.Nf3 e6 5.Be2 Ne7 6.O-O c5 7.c4 Nbc6 8.dxc5 dxc4
9.Bxc4 Qxd1 10.Rxd1 Bg4 11.Nc3 Rd8 12.Rxd8+ Kxd8 13.Ng5 Nxe5 14.Bf1 Nd5 15.Nxd5 exd5
16.Bf4 h6 17.Bxe5 hxg5 18.Rc1 Rh6 19.f3 Bd7 20.h3 a6 21.b4 Re6 22.Bc3 Ba4
23.Kf2 Kd7  1/2-1/2

[Event "Madrid Magistral 7th"]
[Site "Madrid"]
[Date "1998.05.19"]
[Round "7"]
[White "Illescas Cordoba, Miguel"]
[Black "Krasenkow, Michal"]
[Result "1/2-1/2"]
[WhiteElo "2600"]
[BlackElo "2660"]

1.Nf3 c5 2.c4 Nc6 3.e3 e5 4.Nc3 f5 5.Be2 e4 6.Ng1 Nf6 7.d3 d5 8.cxd5 Nxd5
9.Nxd5 Qxd5 10.dxe4 Qxd1+ 11.Bxd1 fxe4 12.Ne2 Bf5 13.Ng3 Bg6 14.Bd2 Ne5 15.Bh5 Bxh5
16.Nxh5 Nd3+ 17.Ke2 Nxb2 18.Ng3 Na4 19.Rab1 Rb8 20.Rhc1 b5 21.Nxe4 Be7 22.Rc4 b4
23.a3 a5 24.axb4 axb4 25.Ra1 Nb6 26.Rcc1 c4 27.Ra7 c3 28.Nxc3 Nc8 29.Rc7 bxc3
30.Bxc3 O-O 31.Rd1 Ra8 32.f4 Ra7 33.Rxa7 Nxa7 34.Rd7 Nc8 35.Kf3 Bf6 36.Bb4 Rf7
37.Rxf7 Kxf7 38.e4 Ke6 39.Bc5 Bb2 40.g4 Nd6 41.h4 Nc4 42.Bb4 Bc1 43.Bc3 Kf7
44.g5 Bb2 45.Bxb2 Nxb2 46.f5 g6 47.Kg4 Nc4 48.h5 gxh5+  1/2-1/2

[Event "Madrid Magistral 7th"]
[Site "Madrid"]
[Date "1998.05.19"]
[Round "7"]
[White "Beliavsky, Alexander G"]
[Black "Adams, Michael"]
[Result "1/2-1/2"]
[WhiteElo "2690"]
[BlackElo "2670"]

1.d4 Nf6 2.c4 e6 3.g3 d5 4.Nf3 dxc4 5.Bg2 Nc6 6.Qa4 Nd7 7.Qxc4 Nb6 8.Qd3 e5
9.Nxe5 Nb4 10.Qc3 Qxd4 11.O-O Qxc3 12.Nxc3 Bd6 13.Nf3 c6 14.Rd1 Be7 15.Nd4 O-O
16.a3 N4d5 17.Nxd5 Nxd5 18.Bd2 Rd8 19.Ba5 Nb6 20.Rd3 Bf6 21.Rad1 Bg4 22.h3 Rxd4
23.hxg4 Rxd3 24.Rxd3 Bxb2 25.Bxb6 axb6 26.Rd7 Rb8 27.a4 h6 28.g5 hxg5 29.Bh3 Kf8
30.Rc7 Be5 31.Rc8+ Ke7 32.Rxb8 Bxb8 33.Bc8 Kd6 34.Bxb7 c5 35.Kf1 c4 36.Ke1 Kc5
37.g4 Kb4 38.Bd5 f6 39.Kd1 Kc3 40.Bf7 Bd6 41.f3 Bf4 42.Be6 Be3 43.Bf7 Kb3
44.Be6 Kc3  1/2-1/2

[Event "Madrid Magistral 7th"]
[Site "Madrid"]
[Date "1998.05.19"]
[Round "7"]
[White "San Segundo, Pablo"]
[Black "Leko, Peter"]
[Result "1/2-1/2"]
[WhiteElo "2505"]
[BlackElo "2670"]

1.Nf3 Nf6 2.c4 c5 3.Nc3 d5 4.cxd5 Nxd5 5.d4 Nxc3 6.bxc3 g6 7.e4 Bg7 8.Rb1 O-O
9.Be2 b6 10.O-O Bb7 11.Qd3 Ba6 12.Qe3 cxd4 13.cxd4 Qd7 14.Ba3 Rc8 15.Rfc1 Bxe2
16.Rxc8+ Qxc8 17.Qxe2 Qa6 18.Qxa6 Nxa6 19.Rc1 Kf8 20.Kf1 Ke8 21.Ke2 Kd7 22.d5 Re8
23.Kd3 Nc7 24.Rc2 e6 25.dxe6+ Nxe6 26.g3 Rd8 27.e5 Ke8+ 28.Ke4 Bf8 29.Bxf8 Kxf8
30.Rd2 Nc5+ 31.Ke3 Re8 32.Rd6 Kg7  1/2-1/2

[Event "Madrid Magistral 7th"]
[Site "Madrid"]
[Date "1998.05.20"]
[Round "8"]
[White "Leko, Peter"]
[Black "Illescas Cordoba, Miguel"]
[Result "1/2-1/2"]
[WhiteElo "2670"]
[BlackElo "2600"]

1.e4 c5 2.Nf3 Nc6 3.d4 cxd4 4.Nxd4 Nf6 5.Nc3 e5 6.Ndb5 d6 7.Bg5 a6 8.Na3 b5
9.Nd5 Be7 10.Bxf6 Bxf6 11.c3 Rb8 12.Nc2 Bg5 13.a4 bxa4 14.Ncb4 Nxb4 15.Nxb4 Bd7
16.Bxa6 Qa5 17.Qxd6 Rb6 18.Qd3 Be7 19.Nd5 Rxb2 20.O-O Qc5 21.Rab1 Rxb1 22.Rxb1 O-O
23.Bb5 Be8 24.Bxe8 Rxe8 25.Rb7 Bg5 26.Qg3 Qa3 27.h4 Qc1+ 28.Kh2 Bf4 29.Nxf4 exf4
30.Qd3 Qe1 31.Qd5 Rf8 32.Qd4 Qe2 33.Ra7 Qg4 34.Qxa4  1/2-1/2

[Event "Madrid Magistral 7th"]
[Site "Madrid"]
[Date "1998.05.20"]
[Round "8"]
[White "Krasenkow, Michal"]
[Black "Yermolinsky, Alex"]
[Result "1/2-1/2"]
[WhiteElo "2660"]
[BlackElo "2660"]

1.Nf3 c5 2.c4 Nf6 3.Nc3 e6 4.g3 b6 5.Bg2 Bb7 6.O-O Be7 7.Re1 Ne4 8.Na4 O-O
9.d3 Nf6 10.e4 d6 11.a3 Nc6 12.Rb1 Nd7 13.b4 Qc7 14.Bf4 Nde5 15.bxc5 dxc5
16.Nxe5 Nxe5 17.d4 cxd4 18.Qxd4 Bf6 19.c5 Rfd8 20.Bxe5 Bxe5 21.cxb6 axb6
22.Qxb6 Qc2 23.Rec1 Qxa4 24.Qxb7 Qxa3 25.Qb5 Bd4 26.Rc2 Rac8 27.Rxc8 Rxc8
28.Qe2 g6 29.Bf1 Rc3 30.Kg2 Kg7 31.Rd1 Qc5 32.Rd2 e5 33.Qb5 Qe7 34.Qe2 Qf6
35.h4 h5 36.Qd1 Qc6 37.Bd3 Rc1 38.Qe2 Qb6 39.Rc2 Ra1 40.Ra2 Rc1 41.Rc2  1/2-1/2

[Event "Madrid Magistral 7th"]
[Site "Madrid"]
[Date "1998.05.20"]
[Round "8"]
[White "Adams, Michael"]
[Black "Svidler, Peter"]
[Result "1/2-1/2"]
[WhiteElo "2670"]
[BlackElo "2690"]

1.e4 c5 2.Nf3 d6 3.d4 cxd4 4.Nxd4 Nf6 5.Nc3 a6 6.Be2 e5 7.Nb3 Be7 8.O-O O-O
9.Kh1 Nc6 10.f4 b5 11.Bf3 Na5 12.Nxa5 Qxa5 13.Qe1 Qc7 14.a3 Bb7 15.f5 a5
16.Nxb5 Qxc2 17.Nc3 Qb3 18.Bg5 h6 19.Bh4 Rfd8 20.Rf2 Bc6 21.Rd2 Ra7 22.Rad1 Qb8
23.Qe2 Rb7 24.Bf2 Rb3 25.h3 Qb7 26.Bh4 Nxe4 27.Bxe4 Bxh4 28.Bxc6 Qxc6 29.Nd5 Qb5
30.Qg4 Bg5 31.a4 Qa6 32.f6 g6 33.Rc2 Rd3 34.Rc6 Rxd1+ 35.Qxd1 Qb7 36.b4 axb4
37.Rb6 Qa7 38.Qb3 Kh8 39.Qxb4 Rc8 40.h4 Bf4 41.Nxf4 exf4 42.Qxf4 Kh7 43.Rxd6 Qb8
44.h5 Qb1+ 45.Kh2 Rc5 46.hxg6+ Qxg6 47.Qf3 Rf5 48.Qd3 Rf4 49.Qxg6+ Kxg6 50.a5 Ra4
51.a6 h5 52.Rb6  1/2-1/2

[Event "Madrid Magistral 7th"]
[Site "Madrid"]
[Date "1998.05.20"]
[Round "8"]
[White "Beliavsky, Alexander G"]
[Black "San Segundo, Pablo"]
[Result "0-1"]
[WhiteElo "2690"]
[BlackElo "2505"]

1.d4 d5 2.c4 c6 3.Nf3 Nf6 4.Nc3 a6 5.a4 e6 6.g3 dxc4 7.Bg2 c5 8.O-O Nc6 9.Ne5 Na5
10.d5 Bd6 11.Bf4 Qc7 12.Nxf7 Kxf7 13.dxe6+ Ke7 14.e4 Bxf4 15.gxf4 Qxf4 16.Nd5+ Nxd5
17.exd5 Nb3 18.Ra3 Rf8 19.Rxb3 cxb3 20.Qxb3 Rf6 21.Rd1 Qd6 22.Qc2 Rg6 23.Rd3 b6
24.Rf3 Bxe6 25.dxe6 Rd8  0-1

[Event "Madrid Magistral 7th"]
[Site "Madrid"]
[Date "1998.05.22"]
[Round "9"]
[White "Yermolinsky, Alex"]
[Black "Leko, Peter"]
[Result "1/2-1/2"]
[WhiteElo "2660"]
[BlackElo "2670"]

1.e4 c6 2.d4 d5 3.e5 Bf5 4.Nf3 e6 5.Be2 c5 6.O-O Nc6 7.c3 cxd4 8.cxd4 Nge7
9.a3 Nc8 10.Bg5 Be7 11.Bxe7 N8xe7 12.b4 O-O 13.Nbd2 Rc8 14.Rc1 Bg4 15.h3 Bxf3
16.Nxf3 Nf5 17.Qd2 Nh4 18.Nxh4 Qxh4 19.f4 Ne7 20.Bd3 Rxc1 21.Rxc1 Rc8 22.Rxc8+ Nxc8
23.Qf2 Qxf2+ 24.Kxf2 h5 25.f5 exf5 26.Bxf5 Nb6 27.h4 g6 28.Bh3 f5 29.exf6 Kf7
30.Ke2 Kxf6 31.g4 hxg4 32.Bxg4 Nc4 33.a4 Nd6 34.Bf3 Ke6 35.Bg4+ Kf6 36.Bf3 Ke6  1/2-1/2

[Event "Madrid Magistral 7th"]
[Site "Madrid"]
[Date "1998.??.??"]
[Round "4"]
[White "Svidler, Peter"]
[Black "San Segundo, Pablo"]
[Result "1/2-1/2"]
[WhiteElo "2690"]
[BlackElo "2505"]

1.e4 c5 2.Nf3 Nc6 3.d4 cxd4 4.Nxd4 Nf6 5.Nc3 e5 6.Ndb5 d6 7.Bg5 a6 8.Na3 b5
9.Bxf6 gxf6 10.Nd5 f5 11.c3 Bg7 12.exf5 Bxf5 13.Nc2 O-O 14.Nce3 Be6 15.Bd3 f5
16.O-O Ra7 17.Qh5 Raf7 18.g4 e4 19.Bc2 Ne5 20.Nf4 Bd7 21.Bb3 fxg4 22.Ne6 Bxe6
23.Bxe6 Kh8 24.Bxf7 Rxf7 25.Rad1 Qf8 26.Kh1 Rf3 27.Nxg4 Rf5 28.Qh3 Rf3 29.Qh5 Rf5
30.Qh3  1/2-1/2